Metodología de la investigación. (Registro nro. 1009)

Detalles MARC
000 -LEADER
fixed length control field 01372nam a2200349 a 4500
008 - CAMPO DE CONTROL (LIBRO)
fixed length control field 111007s1986 mx ||||f |||| 001 0 spa d
020 ## - INTERNATIONAL STANDARD BOOK NUMBER
ISBN 9681822730
041 ## - CODIGO DE IDIOMA
Código de idioma del texto/pista de sonido o título separado spa
092 ## - SIGNATURA TOPOGRAFICA DEWEY LOCAL
número de clasificación 001.42
libristica 10
sección CAN
100 1# - ENTRADA PRINCIPAL--NOMBRE PERSONAL
Nombre personal Canales, Francisca H. de
9 (RLIN) 1626
245 ## - TITULO PROPIAMENTE DICHO
Título Metodología de la investigación.
Subtítulo y Título paralelo Manual para el desarrollo de personal de salud.
Mención de responsabilidad y remanente de la transcripción de la portada Francisca H. de Canales
250 ## - MENCION DE EDICION
Mención de edición 1a ed.
260 ## - PIE DE IMPRENTA
Lugar de publicación, distribución, etc México :
Nombre de la editorial, distribuidor, etc Limusa,
Fecha de publicación 1986
300 ## - DESCRIPCION FISICA
Extension 327 p.
500 ## - NOTA GENERAL
Nota general Canales, F. H de. (1986) Metodología de la investigación. Manual para el desarrollo de personal de salud. (1a ed.) México: Limusa
653 ## - TÉRMINO INDIZADO - PALABRAS CLAVES
Palabra clave Investigación y su relación con la meta Salud para Todos en el año 2000
653 ## - TÉRMINO INDIZADO - PALABRAS CLAVES
Palabra clave Investigación y método científico
653 ## - TÉRMINO INDIZADO - PALABRAS CLAVES
Palabra clave Etapas de la investigación
653 ## - TÉRMINO INDIZADO - PALABRAS CLAVES
Palabra clave Problemas y objetivos
653 ## - TÉRMINO INDIZADO - PALABRAS CLAVES
Palabra clave Marco teórico
653 ## - TÉRMINO INDIZADO - PALABRAS CLAVES
Palabra clave Hipotesis y variables
653 ## - TÉRMINO INDIZADO - PALABRAS CLAVES
Palabra clave Diseño metodológico
653 ## - TÉRMINO INDIZADO - PALABRAS CLAVES
Palabra clave Protocolo e informe final
653 ## - TÉRMINO INDIZADO - PALABRAS CLAVES
Palabra clave Aplicación del proceso de investigación en un estudio sobre el problema de diarrea
653 ## - TÉRMINO INDIZADO - PALABRAS CLAVES
Palabra clave Problemas e hipótesis
653 ## - TÉRMINO INDIZADO - PALABRAS CLAVES
Palabra clave Variables de estudio
653 ## - TÉRMINO INDIZADO - PALABRAS CLAVES
Palabra clave Diseño de investigación
653 ## - TÉRMINO INDIZADO - PALABRAS CLAVES
Palabra clave Instrucciones para el uso de los materiales audiovisuales
700 1# - ENTRADAS SECUNDARIAS - NOMBRE PERSONAL
Nombre personal Alvarado, Eca Luz de
9 (RLIN) 1627
700 1# - ENTRADAS SECUNDARIAS - NOMBRE PERSONAL
Nombre personal Pineda, Elia Beatríz
9 (RLIN) 1628
942 ## - ADDED ENTRY ELEMENTS (KOHA)
Source of classification or shelving scheme Dewey Decimal Classification
Item type Libros
Existencias
Estado de retiro Existencia Fuente de clasificación Estado general Uso restringido No para prestamo Ubicación permanente ubicación actual Sala de ubicación Fecha de adquisición Total Checkouts Número de clasificación Código de barras Date last seen Date last borrowed Número de ejemplar Price effective from Koha tipo de elemento (item) Public note
    Dewey Decimal Classification   Restricted Access Not For Loan Biblioteca Medicina Biblioteca Medicina Circulación 07/10/2011 5 001.42 10 CAN 1636 06/11/2014 21/02/2014 ej.1 07/10/2011 Libros Baja

UNIVERSIDAD NACIONAL DEL COMAHUE
Biblioteca de la Facultad de Ciencias Médicas
Sede Toschi: Los Arrayanes y Av. Toschi, Cipolletti  - Rio Negro
Sede Los Tordos:  Yrigoyen al 2211, Cipolletti - Rio Negro 

Teléfono: 0299 - 4774707 int 25
Contacto: biblioteca@facimed.uncoma.edu.ar
© 2011 - 2026